Welcome to the Holygrace Academy Library

Please use search bar below to get started

JEEVITHATHIL ORIKKAL MATHRAM SAMBAVIKKUNNAVA (Record no. 5487)

MARC details
000 -LEADER
fixed length control field 00395nam a22001457a 4500
020 ## - INTERNATIONAL STANDARD BOOK NUMBER
ISBN 818858280-8
082 ## - DEWEY DECIMAL CLASSIFICATION NUMBER
Classification number 884.812.3
Item number ANI/J
100 ## - MAIN ENTRY--AUTHOR NAME
Personal name ANILKUMAR, A.V
245 ## - TITLE STATEMENT
Title JEEVITHATHIL ORIKKAL MATHRAM SAMBAVIKKUNNAVA
Remainder of title ORU PATHRAPRAVARTHAKANTE ANESHANA YATHRAKAL
260 ## - PUBLICATION, DISTRIBUTION, ETC. (IMPRINT)
Place of publication THRISSUR
Name of publisher GREEN BOOKS PRIVATE LIMITED
Year of publication 2005
300 ## - PHYSICAL DESCRIPTION
Number of Pages 115
520 ## - SUMMARY, ETC.
Summary, etc NOVEL
650 ## - SUBJECT ADDED ENTRY--TOPICAL TERM
Topical Term NOVEL
942 ## - ADDED ENTRY ELEMENTS (KOHA)
Koha item type Books
Holdings
Withdrawn status Lost status Collection code Home library Current library Shelving location Date acquired Source of acquisition Cost, normal purchase price Full call number Accession Number Koha item type
    Fiction Main Library Main Library SHELF-16L- MALAYALAM BIOGRAPHY,STUDIES/CRITICISM 12/05/2010 Purchase 65.00 884.812.3 ANI/J 04105 Books